Statistics for Speed Clicking Maths Quiz

Click here to take the quiz!

General Stats

  • This quiz has been taken 412 times
  • The average score is 11 of 29

Answer Stats

HintAnswer% Correct
Click the number 11
99%
What is 2+2?4
94%
What is 21÷7?3
85%
How many letters make up "Australia"?9
71%
Dial the U.S. Emergency Services **1
69%
Click the number 8th number from the right2
69%
I is what number letter in the alphabet?9
65%
Dial the U.S. Emergency Services9
65%
Dial the U.S. Emergency Services *1
64%
How many countries make up the United Kingdom?4
57%
Click the first digit in the current year2
52%
√81-2³=?1
44%
How many films are there in the Harry Potter series?8
39%
If Z = 1, then V = what?5
35%
The year that Christopher Columbus discovered America ends in what number?2
32%
How many letters make up the capital city of East Timor?4
26%
Which number is a homophone of the simple past form of “to eat”?8
24%
The third number in Orwell’s chef-d’œuvre8
16%
What is the total amount of letters in "Quizmaster" minus the total amount of letters in "JetPunk"?3
14%
How many times have Liverpool won the Premier League?1
13%
The number of letters in the fourth month of the year5
13%
Number of Henry VIII’s wives - number of Elizabeth II’s children2
10%
Jay Z’s Problems ÷ Nena’s Red Balloons + Lou Bega’s Mambo number = ?6
10%
How many days are between Christmas Eve and New Year's Day?8
10%
The sum of the two digits in Michael Jordan’s most famous shirt number5
8%
Quatre-vingt-dix-neuf ÷ elf - seis = ?3
5%
Trump - Clinton + Washington =?4
3%
If Orange + Red = 9, then (Purple × Brown) ÷ White equals what?6
3%
Which is the only number that hasn't yet been a correct answer?7
2%

Score Distribution

Percentile by Number Answered

Percent of People with Each Score

Your Score History

You have not taken this quiz